Boletín de Estudios Agrarios / Grupo de Estudios Agro-Regionales. Academia de Humanismo Cristiano
Zapisane w:
| Korporacja: | |
|---|---|
| Format: | Książka |
| Język: | Spanish |
| Wydane: |
Santiago, Chile:
Grupo de Estudios Agro-Regionales. Academia de Humanismo Cristiano,
1978-
|
| Hasła przedmiotowe: | |
| Etykiety: |
Dodaj etykietę
Nie ma etykietki, Dołącz pierwszą etykiete!
|
MARC
| LEADER | 00000nam a22000007a 4500 | ||
|---|---|---|---|
| 003 | cru CIDCACS/IIS | ||
| 005 | 20201120114411.0 | ||
| 008 | 201120n1978 cl |||p|r||||||0| ||spa|d | ||
| 999 | |c 43524 |d 43524 | ||
| 040 | |c CRAI/IIS | ||
| 090 | |a REV0086 | ||
| 110 | 1 | |9 9746 |a Grupo de Estudios Agro-Regionales. |b Academia de Humanismo Cristiano | |
| 245 | 1 | |a Boletín de Estudios Agrarios / |b Grupo de Estudios Agro-Regionales. Academia de Humanismo Cristiano | |
| 260 | |a Santiago, Chile: |b Grupo de Estudios Agro-Regionales. Academia de Humanismo Cristiano, |c 1978- | ||
| 270 | |a Catedral 1063, oficina 65, 6º piso | ||
| 500 | |a EXISTENCIAS : 1978-1981 (1-7) 1982 (10-11) 1983-1986 (13-19) 1987-1988 (20-23) | ||
| 650 | 0 | |9 288 |a EMPLEO | |
| 650 | 4 | |9 1919 |a REFORMA AGRARIA | |
| 650 | 4 | |9 1951 |a PRODUCCION AGROPECUARIA | |
| 650 | 4 | |9 3361 |a MANO DE OBRA | |
| 650 | 4 | |9 2014 |a DESARROLLO AGROPECUARIO | |
| 651 | 0 | |9 17 |a AMERICA LATINA | |
| 942 | |2 ddc |c PP | ||
